Pokémon Moves Starting with the Letter S - Statistics

General Stats
  • This quiz has been taken 109 times
    77 since last reset
  • The average score is 103 of 136
Answer Stats
Type Phys/Spec/Status Special Effect Answer % Correct
Ground Status Damages all except Rock, Ground and Steel for 5 turns Sandstorm
97%
Water Special May burn foe Scald
97%
Grass Status Puts foe to sleep Sleep Powder
97%
Normal Status User uses random move in moveset while asleep Sleep Talk
97%
Grass Special Two turn move. One turn if sunny. Solar Beam
97%
Normal Special Power increases with each use of the move Stockpile Spit Up
97%
Normal Physical Can move boulders outside of battle Strength
97%
Bug Status Lowers foe Speed String Shot
97%
Water Special Used outside of battle to cross water Surf
97%
Ground Status Lower foe Accuracy Sand Attack
94%
Normal Status Lowers users Def. and Spec Def. Raises users Atk, Spec. Atk. and Speed by 2 stages Shell Smash
94%
Flying Physical Two turn move, may make foe flinch. High Crit. Rate Sky Attack
94%
Normal Physical High Crit. Rate Slash
94%
Grass Physical Two turn move. One turn if sunny. Solar Blade
94%
Electric Physical May paralyze foe Spark
94%
Ground Status Damages all incoming grounded Pokémon, can leave 2 layers Spikes
94%
Grass Status Always puts foe to sleep Spore
94%
Normal Status Raises users Def. and Spec. Def. Stockpile
94%
Rock Physical High Crit. Rate Stone Edge
94%
Grass Special Paralyzes foe Stun Spore
94%
Fire Status Powers up fire moves for 5 turns Sunny Day
94%
Normal Status Heals user based on Stockpile number Swallow
94%
Rock Physical Inflicts 1/8 of foe's HP each turn after use. Signature ofGarganacl line Salt Cure
91%
Ghost Physical Positive priority move Shadow Sneak
91%
Poison Special May poison foe Sludge
91%
Poison Special May poison foe Sludge Bomb
91%
Poison Special May poison foe Sludge Wave
91%
Normal Special Only usable while asleep. May make foe flinch Snore
91%
Water Status Change targets type to Water Soak
91%
Water Special Heals foe if Burned. Signature of Primarina Sparkling Aria
91%
Normal Status Does absolutely nothing Splash
91%
Bug Status Entry hazard that lowers Speed of Pokémon entering Sticky Web
91%
Normal Physical May make foe flinch Stomp
91%
Normal Status User creates copy that disappears after taking 1/4 of users HP damage Substitute
91%
Normal Physical Does damage equal to half the targets current HP Super Fang
91%
Ground Physical Traps and damages foe for 2-5 turns Sand Tomb
88%
Normal Physical Effect depends on location, can make secret base Secret Power
88%
Ghost Special May lower foe Spec. Def. Shadow Ball
88%
Ghost Physical High Crit. Rate Shadow Claw
88%
Ice Special One Hit KO move Sheer Cold
88%
Flying Physical Two Turn move. Target taken into sky where they cannot act Sky Drop
88%
Water Special Increased Critical Hit Ratio. Signature of Inteleon Snipe Shot
88%
Rock Status Entry hazard that damages based on weakness to Rock type Stealth Rock
88%
Dark Physical High priority move, fails if target isn't using attacking move Sucker Punch
88%
Fire Special Decreased priority move, fails if not hit by physical move.Signature of Turtonator Shell Trap
85%
Normal Status Puts foe to sleep Sing
85%
Rock Physical Knocks flying or levitating foes out of the sky Smack Down
85%
Steel Special User loses 1/2 HP after use Steel Beam
85%
Normal Status Raises foe Atk. and confuses them Swagger
85%
Dark Status User swaps items with target Switcheroo
85%
Normal Status Raises users Atk. by 2 stages Swords Dance
85%
Grass Status Recovers HP based upon a weather dependent amount Synthesis
85%
Normal Physical N/A Scratch
82%
Ghost Physical User turns incorporeal 1st turn, cannot be protected against Shadow Force
82%
Normal Status Change targets ability to Simple Simple Beam
82%
Rock Physical Increased Critical Hit Ratio. Sets Stealth Rock. Signature ofKleavor Stone Axe
82%
Psychic Special Power increases if user has stat increases Stored Power
82%
Fighting Physical User suffers 1/4 recoil damage Submission
82%
Grass Physical N/A Seed Bomb
79%
Normal Physical User faints after use Self-Destruct
79%
Ghost Physical Never misses Shadow Punch
79%
Bug Special May confuse foe Signal Beam
79%
Normal Status User permanently replaces this move with last move user used Sketch
79%
Grass Status Protects from all incoming moves, damages Pokémon who make physical contact Spiky Shield
79%
Ghost Status Lowers PP of last move used by foe Spite
79%
Water Special May burn foe Steam Eruption
79%
Grass Status Lower foe Attack and User gains HP of Attack stat. Signature of Shiinotic line Strength Sap
79%
Steel Physical Ignores abilities of foe. Signature of Solgaleo Sunsteel Strike
79%
Fighting Physical Lowers users Atk. and Def. after use Superpower
79%
Normal Physical Two turn move, first turn raises users Def. Skull Bash
76%
Bug Status Prevents foe from escaping Spider Web
76%
Ghost Physical Prevents foe from switching out. Signature of Alolan Decidueye Spirit Shackle
76%
Water Physical Hits 3 times and always crits. Signature of Urshifu Surging Strikes
76%
Normal Status Lowers foe Evasiveness, lures Pokémon to battle in the wild Sweet Scent
76%
Normal Special Never Misses Swift
76%
Dragon Physical Hits 2-5 times. User Speed raised, Def. lowered 1 stage Scale Shot
74%
Ground Special 30% Chance to burn Scorching Sands
74%
Electric Special Never misses Shock Wave
74%
Ground Status Restore 1/2 users maximum HP Shore Up
74%
Bug Special May raise all of users stats 1 stage Silver Wind
74%
Psychic Status User swaps abilities with target Skill Swap
74%
Ground Physical Doubles in power if users last move failed Stomping Tantrum
74%
Fighting Physical Ignores targets stat changes Sacred Sword
71%
Poison Special 20% Chance to poison. Is physical or special based on mostdamage. Signature of Galarian Slowbro Shell Side Arm
71%
Fire Physical Always burns foe. Signature of Partner Eevee Sizzly Slide
71%
Normal Status Lower foe Def. by 2 stages Screech
68%
Grass Special May lower foe Spec. Def. by 2 stages Seed Flare
68%
Fighting Physical Deals damage equal to users level Seismic Toss
68%
Normal Status User creates substitute and switches out to another ally Shed Tail
68%
Steel Status Raises users Atk. by 1 stage and Speed by 2 stages Shift Gear
68%
Normal Physical N/A Slam
68%
Dark Special Lowers foe Spec. Atk. Snarl
68%
Fighting Physical Always results in a critical hit Storm Throw
68%
Normal Status Confuses the foe Supersonic
68%
Grass Special Lowers foe Speed each turn for 3 turns. Signature of Dipplin Syrup Bomb
68%
Grass Physical Plants a seed on foe. Signature of Partner Eevee Sappy Seed
65%
Fire Special May burn foe Searing Shot
65%
Normal Status Restores 1/2 of users HP Slack Off
65%
Normal Special Always deals 20HP damage Sonicboom
65%
Psychic Status Swap user and foe Speed. Signature of Rabsca Speed Swap
65%
Bug Special Lowers foe Spec. Atk. Struggle Bug
65%
Fire Physical 50% chance to burn foe. Sacred Fire
62%
Fighting Physical N/A Sky Uppercut
62%
Normal Physical Deals double damage to paralyzed foe and cures them Smellingsalts
62%
Dark Status User steals stat change or healing move from foe Snatch
62%
Ice Status Creates a Snowstorm on the field for 5 turns Snowscape
62%
Steel Physical May raise users Def. Steel Wing
62%
Fairy Status Confuses the foe Sweet Kiss
62%
Normal Status Prevents status changes on users field for 5 turns Safeguard
59%
Normal Status Lower foe Speed by 2 stages Scary Face
59%
Grass Physical Deals 1/8 of foe HP per turn after use. Signature of GalarianStunfisk Snap Trap
59%
Dragon Special High Crit. Rate Spacial Rend
59%
Normal Physical Hits 2-5 times Spike Cannon
59%
Fairy Physical Lowers foe Sp. Atk. by 1 stage. Signature of Grimmsnarl Spirit Break
59%
Normal Status User raises Defense by 2 stages after using berry. Stuff Cheeks
59%
Fighting Special Deals damage to Def. instead of Spec. Def. Secret Sword
56%
Poison Special May poison foe Smog
56%
Ghost Physical Steals targets positive stat boosts and ignores substitutes.Signature of Marshadow Spectral Thief
56%
Steel Physical Lowers user Speed by 2 stages. Signature of Revavroom line Spin Out
56%
Water Special 30% Chance of paralysis. Signature of Partner Pikachu Splishy Splash
56%
Ground Special 20% Chance to burn. Signature of Landorus Sandsear Storm
53%
Normal Status Raises users Atk Sharpen
53%
Bug Physical Lowers foe Sp. Atk. 1 stage Skitter Smack
53%
Normal Status Lower foe Accuracy Smokescreen
53%
Normal Status User restores 1/2 HP. Can be used in field. Soft-Boiled
53%
Grass Status Raise foe Attack and Lowers foe Defense by 2 stages.Signature of Scovillain Spicy Extract
53%
Steel Physical Never Misses Smart Strike
50%
Steel Physical Removes active terrain, fail if there isn't any. Signature of Iron Treads Steel Roller
50%
Steel Status Raises user Defense by 2 stages. Signature of Goomy line Shelter
47%
Fairy Special 30% Chance to lower foe Attack. Signature of Enamorus Springtide Storm
47%
Psychic Special Damages all Pokémon of the same type as the user Synchronise
47%
Fairy Physical Cures all status conditions of user and allies. Signature ofPartner Eevee Sparkly Swirl
44%
Bug Physical May make foe flinch Steamroller
41%
Bug Status Protects user from physical and special moves. Lowers foeSpeed by 1 after hit. Signature of Spidops Silk Trap
38%
Normal Status Forces all attacks to focus on user Spotlight
38%
Ghost Physical May lower foe Def. Shadow Bone
35%
No matching quizzes found
Score Distribution
Percent of People with Each Score
Percentile by Number Answered
Your Score History
You have not taken this quiz since the last reset